书目信息 |
| 题名: |
化工工人技术培训读本
|
|
| 作者: | 韩玉墀 , 王慧伦 , 张振坤 主编 | |
| 分册: | ||
| 出版信息: | 北京 化学工业出版社 2014.05 |
|
| 页数: | 263页 | |
| 开本: | 26cm | |
| 丛书名: | ||
| 单 册: | ||
| 中图分类: | TQ-43 | |
| 科图分类: | ||
| 主题词: | 化学工业--技术教育--教材 , 化学工业 | |
| 电子资源: | ||
| ISBN: | 978-7-122-19581-4 | |
| 000 | 01060nam0 2200289 450 | |
| 001 | 0120141277644 | |
| 005 | 20170418151304.73 | |
| 010 | @a978-7-122-19581-4@dCNY58.00 | |
| 100 | @a20140418d2014 em y0chiy0110 ea | |
| 101 | 0 | @achi |
| 102 | @aCN@b110000 | |
| 105 | @aak z 000yy | |
| 106 | @ar | |
| 200 | 1 | @a化工工人技术培训读本@9hua gong gong ren ji shu pei xun du ben@f韩玉墀,王慧伦,张振坤主编 |
| 205 | @a2版 | |
| 210 | @a北京@c化学工业出版社@d2014.05 | |
| 215 | @a263页@c图@d26cm | |
| 330 | @a本书主要内容有化工生产概述,重要无机化合物,重要有机化合物,高分子化合物基础,化工生产分析基础,化工生产中的热过程,固体物料、液体物料、气体物料的基本操作,化学计算基础知识,常用化工电器设备,化工生产控制等。 | |
| 333 | @a化工、石油化工、轻工、冶金等行业的工人 | |
| 606 | 0 | @a化学工业@x技术教育@j教材 |
| 606 | 0 | @a化学工业 |
| 690 | @aTQ-43@v5 | |
| 701 | 0 | @a韩玉墀@9han yu chi@4主编 |
| 701 | 0 | @a王慧伦@9wang hui lun@4主编 |
| 701 | 0 | @a张振坤@9zhang zhen kun@4主编 |
| 801 | 0 | @aCN@b人天书店@c20140418 |
| 905 | @b986039-42@dTQ-43@e858=2@f4 | |
| 化工工人技术培训读本/韩玉墀,王慧伦,张振坤主编.-2版.-北京:化学工业出版社,2014.05 |
| 263页:图;26cm |
| 使用对象:化工、石油化工、轻工、冶金等行业的工人 |
| ISBN 978-7-122-19581-4:CNY58.00 |
| 本书主要内容有化工生产概述,重要无机化合物,重要有机化合物,高分子化合物基础,化工生产分析基础,化工生产中的热过程,固体物料、液体物料、气体物料的基本操作,化学计算基础知识,常用化工电器设备,化工生产控制等。 |
| ● |
| 相关链接 |
|
|
|
|
正题名:化工工人技术培训读本
索取号:TQ-43/858=2
 
预约/预借
| 序号 | 登录号 | 条形码 | 馆藏地/架位号 | 状态 | 备注 |
| 1 | 986039 | 209860391 | 第二样本阅览室/ [索取号:TQ-43/858=2] | 在馆 | |
| 2 | 986040 | 209860408 | 密集书库-化学系/ [索取号:TQ-43/858=2] | 在馆 | |
| 3 | 986041 | 209860417 | 第三借阅区/ [索取号:TQ-43/858=2] | 在馆 | |
| 4 | 986042 | 209860426 | 第三借阅区/ [索取号:TQ-43/858=2] | 在馆 |